[Event "IIFL Wealth  4th Mumbai Junior U-13"]
[Site "Mumbai"]
[Date "2019.01.02"]
[Round "4"]
[White "Ratnapriya K"]
[Black "Sadbhav Rautela"]
[Result "1/2-1/2"]
[WhiteElo "1516"]
[BlackElo "1746"]
[Annotator "NA"]
[PlyCount "78"]
[EventDate "2018.12.30"]
[EventType "swiss"]
[EventCountry "IND"]
[SourceTitle "playchess.com"]
[Source "ChessBase"]
[SourceQuality "1"]
[TimeControl "40/5400+30:1800+30"]

1. e4 {[%emt 0:00:00]} c5 {[%emt 0:02:15]} 2. Nf3 {[%emt 0:00:00]} Nc6 {[%emt 0:00:48]} 3. d4 {[%emt 0:00:00]} cxd4 {[%emt 0:00:26]} 4. Nxd4 {[%emt 0:00:13]} Nf6 {[%emt 0:00:07]} 5. Nc3 {[%emt 0:00:30]} g6 {[%emt 0:00:12]} 6. Be3 {[%emt 0:00:25]} Bg7 {[%emt 0:00:07]} 7. f3 {[%emt 0:00:35]} O-O {[%emt 0:00:20]} 8. Bc4 {[%emt 0:00:08]} d6 {[%emt 0:00:32]} 9. Qd2 {[%emt 0:00:23]} Bd7 {[%emt 0:00:17]} 10. O-O-O {[%emt 0:00:27]} Rc8 {[%emt 0:00:15]} 11. Bb3 {[%emt 0:00:11]} Nxd4 {[%emt 0:00:08]} 12. Bxd4 {[%emt 0:00:18]} b5 {[%emt 0:00:11]} 13. Nd5 {[%emt 0:00:12]} Nxd5 {[%emt 0:00:09]} 14. Bxg7 {[%emt 0:00:19]} Kxg7 {[%emt 0:00:06]} 15. exd5 {[%emt 0:00:18]} a5 {[%emt 0:00:53]} 16. a3 {[%emt 0:00:19]} Kg8 {[%emt 0:01:34]} 17. Rhe1 {[%emt 0:01:10]} b4 {[%emt 0:04:45]} 18. axb4 {[%emt 0:00:19]} axb4 {[%emt 0:00:08]} 19. Qxb4 {[%emt 0:00:39]} Rb8 {[%emt 0:07:26]} 20. Qc3 {[%emt 0:08:50]} Re8 {[%emt 0:16:48]} 21. h4 {[%emt 0:03:35]} Qb6 {[%emt 0:05:50]} 22. Qe3 {[%emt 0:05:15]} Qa5 {[%emt 0:07:56]} 23. Qc3 {[%emt 0:05:58]} Qb6 {[%emt 0:21:58]} 24. Qe3 {[%emt 0:05:35]} Qa5 {[%emt 0:11:47]} 25. Qc3 {[%emt 0:00:25]} Qb6 {[%emt 0:06:19]} 26. Qe3 {[%emt 0:02:56]} Qa5 {[%emt 0:00:56]} 27. Qc3 {[%emt 0:01:27]} Qa7 {[%emt 0:03:57]} 28. Qd4 {[%emt 0:02:13]} Qa5 {[%emt 0:03:41]} 29. Qc3 {[%emt 0:00:19]} Qb6 {[%emt 0:00:27]} 30. Qe3 {[%emt 0:00:52]} Qa5 {[%emt 0:00:13]} 31. Qc3 {[%emt 0:00:29]} Qb6 {[%emt 0:00:34]} 32. Qe3 {[%emt 0:00:34]} Qa5 {[%emt 0:00:13]} 33. Qc3 {[%emt 0:00:49]} Qb6 {[%emt 0:00:08]} 34. Qe3 {[%emt 0:00:51]} Qa5 {[%emt 0:00:51]} 35. Qc3 {[%emt 0:00:18]} Qb6 {[%emt 0:00:16]} 36. Qe3 {[%emt 0:00:19]} Qa5 {[%emt 0:00:38]} 37. Qc3 {[%emt 0:00:25]} Qb6 {[%emt 0:00:13]} 38. Qe3 {[%emt 0:00:14]} Qa5 {[%emt 0:00:21]} 39. Qc3 {[%emt 0:01:18]} Qb6 {[%emt 0:01:03]} 1/2-1/2

[Event "IIFL Wealth  4th Mumbai Junior U-13"]
[Site "Mumbai"]
[Date "2019.01.02"]
[Round "4"]
[White "Marium Fatima"]
[Black "Bulsara Yazaan"]
[Result "1-0"]
[WhiteElo "1494"]
[BlackElo "1244"]
[Annotator "NA RC"]
[PlyCount "95"]
[EventDate "2018.12.30"]
[EventType "swiss"]
[EventCountry "IND"]
[SourceTitle "playchess.com"]
[Source "ChessBase"]
[SourceQuality "1"]
[TimeControl "40/5400+30:1800+30"]

1. d4 {[%emt 0:00:00]} Nf6 {[%emt 0:00:00]} 2. Nf3 {[%emt 0:00:00]} e6 {[%emt 0:00:00]} 3. g3 {[%emt 0:00:00]} d5 {[%emt 0:00:53]} 4. Bg2 {[%emt 0:00:12]} Be7 {[%emt 0:01:31]} 5. O-O {[%emt 0:00:08]} O-O {[%emt 0:00:43]} 6. b3 {[%emt 0:00:07]} Ne4 {[%emt 0:00:50]} 7. Bb2 {[%emt 0:00:11]} Nd7 {[%emt 0:00:55]} 8. Nbd2 {[%emt 0:00:36]} f5 {[%emt 0:00:40]} 9. c4 {[%emt 0:00:28]} c6 {[%emt 0:00:37]} 10. Rc1 {[%emt 0:02:36]} Ndf6 {[%emt 0:02:01]} 11. Qc2 {[%emt 0:00:50]} Bd7 {[%emt 0:03:53]} 12. Ne5 {[%emt 0:01:38]} Nxd2 {[%emt 0:03:15]} 13. Qxd2 {[%emt 0:00:52]} Ne4 {[%emt 0:00:21]} 14. Qc2 {[%emt 0:03:42]} Rc8 {[%emt 0:02:53]} 15. f3 {[%emt 0:03:15]} Nf6 {[%emt 0:00:54]} 16. e4 {[%emt 0:05:25]} fxe4 {[%emt 0:08:30]} 17. fxe4 {[%emt 0:00:14]} dxe4 {[%emt 0:15:22]} 18. Bxe4 {[%emt 0:00:21]} Nxe4 {[%emt 0:00:20]} 19. Qxe4 {[%emt 0:02:38]} Bf6 {[%emt 0:03:32]} 20. Nd3 {[%emt 0:02:36]} Qe7 {[%emt 0:01:31]} 21. Rce1 {[%emt 0:03:39]} b6 {[%emt 0:05:04]} 22. c5 {[%emt 0:02:56]} Rfe8 {[%emt 0:13:33]} 23. Ba3 {[%emt 0:05:54]} Qd8 {[%emt 0:02:01]} 24. Bc1 {[%emt 0:05:39]} Re7 {[%emt 0:05:08]} 25. Bf4 {[%emt 0:01:02]} bxc5 {[%emt 0:12:40]} 26. dxc5 {[%emt 0:02:40]} Re8 {[%emt 0:09:29]} 27. Be5 {[%emt 0:02:29]} Bxe5 {[%emt 0:01:01]} 28. Nxe5 {[%emt 0:00:03]} Re7 {[%emt 0:00:41]} 29. Rd1 {[%emt 0:01:07]} Rc7 {[%emt 0:00:59]} 30. Qf3 {[%emt 0:03:46]} Qe8 {[%emt 0:00:49]} 31. Nxd7 {[%emt 0:01:01]} Rcxd7 {[%emt 0:01:02]} 32. Rxd7 {[%emt 0:00:10]} Rxd7 {[%emt 0:00:09]} 33. Qxc6 {[%emt 0:00:05]} Qe7 {[%emt 0:00:39]} 34. Re1 {[%emt 0:00:31]} e5 {[%emt 0:00:37]} 35. b4 {[%emt 0:01:10]} Rd4 {[%emt 0:00:50]} 36. Qc8+ {[%emt 0:00:52]} Kf7 {[%emt 0:00:18]} 37. Rf1+ {[%emt 0:00:31]} Kg6 {[%emt 0:00:45]} 38. Qc6+ {[%emt 0:01:47]} Kg5 {[%emt 0:00:18]} 39. h4+ {[%emt 0:00:34]} Kh5 {[%emt 0:00:34]} 40. Qf3+ {[%emt 0:00:00]} Kh6 {[%emt 0:00:00]} 41. Qe3+ {[%emt 0:03:18]} Kg6 {[%emt 0:01:02]} 42. a3 {[%emt 0:02:46]} h6 {[%emt 0:01:42]} 43. Re1 {[%emt 0:00:49]} Kf6 {[%emt 0:01:24]} 44. Qf2+ {[%emt 0:00:14]} Ke6 {[%emt 0:00:30]} 45. Qxd4 {[%emt 0:00:06]} Kf6 {[%emt 0:00:25]} 46. Qd6+ {[%emt 0:00:13]} Qxd6 {[%emt 0:00:19]} 47. cxd6 {[%emt 0:00:06]} Ke6 {[%emt 0:00:09]} 48. Rd1 {[%emt 0:00:06] Kd5} 1-0

[Event "IIFL Wealth  4th Mumbai Junior U-13"]
[Site "Mumbai"]
[Date "2019.01.02"]
[Round "4"]
[White "Arjun Sidharth S"]
[Black "Bang Atharva"]
[Result "1-0"]
[WhiteElo "1489"]
[BlackElo "1582"]
[Annotator "NA"]
[PlyCount "120"]
[EventDate "2018.12.30"]
[EventType "swiss"]
[EventCountry "IND"]
[SourceTitle "playchess.com"]
[Source "ChessBase"]
[SourceQuality "1"]
[TimeControl "40/5400+30:1800+30"]

1. d4 {[%emt 0:00:25]} Nf6 {[%emt 0:00:00]} 2. Nf3 {[%emt 0:00:39]} d5 {[%emt 0:00:00]} 3. e3 {[%emt 0:00:11]} c6 {[%emt 0:00:00]} 4. Bd3 {[%emt 0:00:59]} e6 {[%emt 0:01:44]} 5. Nbd2 {[%emt 0:00:32]} Bd6 {[%emt 0:00:08]} 6. O-O {[%emt 0:00:31]} Nbd7 {[%emt 0:00:24]} 7. e4 {[%emt 0:01:18]} dxe4 {[%emt 0:00:07]} 8. Nxe4 {[%emt 0:00:09]} Nxe4 {[%emt 0:00:07]} 9. Bxe4 {[%emt 0:00:08]} Nf6 {[%emt 0:00:07]} 10. Bd3 {[%emt 0:00:18]} O-O {[%emt 0:00:23]} 11. c3 {[%emt 0:08:22]} Qc7 {[%emt 0:02:10]} 12. Re1 {[%emt 0:10:09]} Bf4 {[%emt 0:05:25]} 13. Ne5 {[%emt 0:02:37]} Bxc1 {[%emt 0:01:03]} 14. Rxc1 {[%emt 0:00:08]} b6 15. Bb1 {[%emt 0:03:47]} Bb7 {[%emt 0:15:29]} 16. Qd3 {[%emt 0:11:30]} Rfd8 {[%emt 0:02:26]} 17. Qg3 {[%emt 0:10:05]} c5 {[%emt 0:09:57]} 18. dxc5 {[%emt 0:03:33]} Qxc5 {[%emt 0:00:57]} 19. Rcd1 {[%emt 0:05:13]} Be4 {[%emt 0:04:23]} 20. Bxe4 {[%emt 0:03:54]} Nxe4 {[%emt 0:00:07]} 21. Qf4 {[%emt 0:01:46]} Nf6 {[%emt 0:02:45]} 22. Ng4 {[%emt 0:02:49]} Nxg4 23. Qxg4 Qc7 {[%emt 0:06:49]} 24. Qf3 {[%emt 0:05:36]} Rxd1 {[%emt 0:00:36]} 25. Rxd1 {[%emt 0:00:11]} Rd8 {[%emt 0:00:09]} 26. g3 {[%emt 0:02:08]} h6 {[%emt 0:02:57]} 27. Rd3 {[%emt 0:00:45]} Rxd3 {[%emt 0:05:05]} 28. Qxd3 {[%emt 0:00:22]} Qe5 {[%emt 0:00:13]} 29. Qd2 {[%emt 0:04:53]} Qe4 {[%emt 0:05:37]} 30. b3 {[%emt 0:00:24]} Qd5 {[%emt 0:00:56]} 31. Qxd5 {[%emt 0:05:56]} exd5 {[%emt 0:00:01]} 32. Kf1 {[%emt 0:00:24]} Kf8 {[%emt 0:00:10]} 33. Ke2 {[%emt 0:00:08]} Ke7 {[%emt 0:00:10]} 34. Ke3 {[%emt 0:00:06]} Ke6 {[%emt 0:00:06]} 35. Kd4 {[%emt 0:00:38]} Kd6 {[%emt 0:00:06]} 36. c4 {[%emt 0:01:38]} dxc4 {[%emt 0:00:07]} 37. Kxc4 {[%emt 0:00:09]} a6 {[%emt 0:00:48]} 38. Kd4 {[%emt 0:00:08]} Kc6 {[%emt 0:00:52]} 39. Kc4 {[%emt 0:00:51]} g6 {[%emt 0:00:42]} 40. b4 {[%emt 0:00:00]} a5 {[%emt 0:00:00]} 41. bxa5 {[%emt 0:04:21]} bxa5 {[%emt 0:00:32]} 42. a4 {[%emt 0:00:09]} h5 {[%emt 0:00:55]} 43. f4 {[%emt 0:02:00]} f6 {[%emt 0:00:45]} 44. h3 {[%emt 0:02:19]} g5 {[%emt 0:02:22]} 45. f5 {[%emt 0:00:17]} h4 {[%emt 0:06:27]} 46. g4 {[%emt 0:00:08]} Kd6 {[%emt 0:00:05]} 47. Kb5 {[%emt 0:00:12]} Ke5 {[%emt 0:00:05]} 48. Kxa5 {[%emt 0:00:04]} Kf4 {[%emt 0:00:13]} 49. Kb5 {[%emt 0:00:26]} Kg3 {[%emt 0:00:48]} 50. a5 {[%emt 0:00:07]} Kxh3 {[%emt 0:00:08]} 51. a6 {[%emt 0:00:05]} Kxg4 {[%emt 0:01:40]} 52. a7 {[%emt 0:00:12]} Kxf5 {[%emt 0:00:37]} 53. a8=Q {[%emt 0:00:07]} g4 {[%emt 0:00:14]} 54. Qg2 {[%emt 0:00:04]} Kg5 {[%emt 0:00:19]} 55. Kc4 {[%emt 0:00:28]} h3 {[%emt 0:00:25]} 56. Qf2 {[%emt 0:01:48]} f5 {[%emt 0:00:15]} 57. Kd4 {[%emt 0:00:07]} f4 {[%emt 0:00:06]} 58. Ke4 {[%emt 0:00:27]} f3 {[%emt 0:01:35]} 59. Qg3 {[%emt 0:00:05]} Kh5 {[%emt 0:00:17]} 60. Kf5 {[%emt 0:00:14]} f2 {[%emt 0:00:15]} 1-0

[Event "IIFL Wealth  4th Mumbai Junior U-13"]
[Site "Mumbai"]
[Date "2019.01.02"]
[Round "4"]
[White "Balkawade Sai"]
[Black "Aashrita Narayan"]
[Result "1-0"]
[WhiteElo "1482"]
[BlackElo "1238"]
[Annotator "NA RC"]
[PlyCount "75"]
[EventDate "2018.12.30"]
[EventType "swiss"]
[EventCountry "IND"]
[SourceTitle "playchess.com"]
[Source "ChessBase"]
[SourceQuality "1"]
[TimeControl "40/5400+30:1800+30"]

1. e4 {[%emt 0:00:00]} d5 {[%emt 0:00:00]} 2. exd5 {[%emt 0:00:00]} Nf6 {[%emt 0:00:00]} 3. d4 {[%emt 0:00:51]} Bg4 {[%emt 0:00:00]} 4. Be2 {[%emt 0:01:51]} Bxe2 {[%emt 0:00:10]} 5. Qxe2 {[%emt 0:01:34]} Nxd5 {[%emt 0:00:32]} 6. c4 {[%emt 0:08:34]} Nf6 {[%emt 0:01:43]} 7. Nf3 {[%emt 0:01:05]} e6 {[%emt 0:05:53]} 8. d5 {[%emt 0:07:12]} Bb4+ {[%emt 0:01:29]} 9. Bd2 {[%emt 0:04:35]} Bxd2+ {[%emt 0:02:12]} 10. Nbxd2 {[%emt 0:01:25]} O-O {[%emt 0:00:49]} 11. dxe6 {[%emt 0:16:23]} Re8 {[%emt 0:00:28]} 12. exf7+ {[%emt 0:16:21]} Kxf7 {[%emt 0:01:18]} 13. Ne5+ {[%emt 0:00:13]} Kg8 {[%emt 0:02:32]} 14. O-O-O {[%emt 0:13:23]} Qe7 {[%emt 0:06:59]} 15. f4 {[%emt 0:04:31]} Nc6 {[%emt 0:02:32]} 16. Ndf3 {[%emt 0:01:16]} Nd7 {[%emt 0:05:55]} 17. Rhe1 {[%emt 0:02:11]} Nc5 {[%emt 0:15:31]} 18. Kb1 {[%emt 0:12:40]} Rad8 {[%emt 0:03:32]} 19. Nxc6 {[%emt 0:04:25]} Rxd1+ {[%emt 0:00:51]} 20. Qxd1 {[%emt 0:00:22]} Qf7 {[%emt 0:05:14]} 21. Rxe8+ {[%emt 0:00:13]} Qxe8 {[%emt 0:00:10]} 22. Qd8 {[%emt 0:00:54]} Qxd8 {[%emt 0:01:06]} 23. Nxd8 {[%emt 0:00:02]} b6 {[%emt 0:00:00]} 24. Kc2 {[%emt 0:00:00]} Kf8 {[%emt 0:00:58]} 25. b4 {[%emt 0:00:36]} Na6 {[%emt 0:01:23]} 26. Kc3 {[%emt 0:00:30]} Ke8 {[%emt 0:01:26]} 27. Nc6 {[%emt 0:00:25]} Kd7 {[%emt 0:03:34]} 28. Nfe5+ {[%emt 0:00:40]} Kd6 {[%emt 0:02:03]} 29. g4 {[%emt 0:00:46]} h6 {[%emt 0:02:25]} 30. h4 {[%emt 0:00:19]} Ke6 {[%emt 0:02:35]} 31. Nd3 {[%emt 0:00:30]} Kd6 {[%emt 0:01:09]} 32. b5 {[%emt 0:00:12]} Nc5 {[%emt 0:00:45]} 33. Nxc5 {[%emt 0:00:04]} Kxc5 {[%emt 0:00:37]} 34. g5 {[%emt 0:00:22]} a6 {[%emt 0:01:02]} 35. bxa6 {[%emt 0:00:25]} Kxc6 {[%emt 0:00:13]} 36. f5 {[%emt 0:00:05]} b5 {[%emt 0:01:57]} 37. cxb5+ {[%emt 0:00:01]} Kxb5 {[%emt 0:00:13]} 38. a7 {[%emt 0:00:09]} 1-0

[Event "IIFL Wealth  4th Mumbai Junior U-13"]
[Site "Mumbai"]
[Date "2019.01.02"]
[Round "4"]
[White "Adireddy Arjun"]
[Black "Gosrani, Naiya"]
[Result "1-0"]
[WhiteElo "1468"]
[BlackElo "1235"]
[Annotator "NA RC"]
[PlyCount "119"]
[EventDate "2018.12.30"]
[EventType "swiss"]
[EventCountry "IND"]
[SourceTitle "playchess.com"]
[Source "ChessBase"]
[SourceQuality "1"]
[TimeControl "40/5400+30:1800+30"]

1. e4 {[%emt 0:06:45]} e5 {[%emt 0:00:00]} 2. Nf3 {[%emt 0:00:22]} Nc6 {[%emt 0:00:00]} 3. Bc4 {[%emt 0:00:15]} Bc5 {[%emt 0:00:00]} 4. c3 {[%emt 0:00:06]} Nf6 {[%emt 0:00:11]} 5. d3 {[%emt 0:00:11]} d6 {[%emt 0:00:24]} 6. Bb3 {[%emt 0:00:25]} a6 {[%emt 0:00:58]} 7. O-O {[%emt 0:00:31]} Ba7 {[%emt 0:00:43]} 8. Nbd2 {[%emt 0:00:08]} h6 {[%emt 0:01:22]} 9. h3 {[%emt 0:00:14]} Ne7 {[%emt 0:00:48]} 10. Re1 {[%emt 0:01:32]} Ng6 {[%emt 0:00:53]} 11. Nf1 {[%emt 0:00:04]} O-O {[%emt 0:00:43]} 12. Ng3 {[%emt 0:02:09]} Re8 {[%emt 0:01:42]} 13. d4 {[%emt 0:11:34]} c6 {[%emt 0:07:10]} 14. Be3 {[%emt 0:23:41]} Be6 {[%emt 0:07:43]} 15. Bc2 {[%emt 0:01:18]} Rf8 {[%emt 0:08:26]} 16. Nf5 {[%emt 0:03:40]} Re8 {[%emt 0:10:09]} 17. dxe5 {[%emt 0:07:21]} dxe5 {[%emt 0:00:36]} 18. Nd6 {[%emt 0:00:10]} Re7 {[%emt 0:02:51]} 19. Bxa7 {[%emt 0:00:36]} Rxa7 {[%emt 0:00:10]} 20. Nf5 {[%emt 0:00:11]} Qxd1 {[%emt 0:00:48]} 21. Nxe7+ {[%emt 0:00:08]} Nxe7 {[%emt 0:00:11]} 22. Raxd1 {[%emt 0:00:11]} Ng6 {[%emt 0:01:43]} 23. b3 {[%emt 0:00:51]} Ra8 {[%emt 0:01:59]} 24. c4 {[%emt 0:00:13]} Re8 {[%emt 0:06:16]} 25. Kh2 {[%emt 0:00:28]} Kh7 {[%emt 0:06:43]} 26. Rd6 {[%emt 0:00:16]} Re7 {[%emt 0:03:01]} 27. Red1 {[%emt 0:00:17]} Rd7 {[%emt 0:04:38]} 28. a3 {[%emt 0:03:57]} Rc7 {[%emt 0:01:46]} 29. c5 {[%emt 0:00:21]} Nd7 {[%emt 0:04:18]} 30. b4 {[%emt 0:00:02]} b6 {[%emt 0:05:55]} 31. cxb6 {[%emt 0:00:46]} Nxb6 {[%emt 0:00:08]} 32. Bd3 {[%emt 0:00:27]} Nc4 {[%emt 0:02:03]} 33. Bxc4 {[%emt 0:00:23]} Bxc4 {[%emt 0:00:09]} 34. Rd7 {[%emt 0:00:09]} Rxd7 {[%emt 0:01:16]} 35. Rxd7 {[%emt 0:00:22]} f6 {[%emt 0:00:29]} 36. g3 {[%emt 0:00:25]} Nf8 {[%emt 0:01:33]} 37. Rd8 {[%emt 0:00:54]} Ng6 {[%emt 0:03:12]} 38. Nd2 {[%emt 0:00:12]} Bb5 {[%emt 0:03:02]} 39. Nb3 {[%emt 0:00:23]} Ne7 {[%emt 0:03:26]} 40. Nc5 {[%emt 0:00:00]} Kg6 {[%emt 0:00:00]} 41. Ra8 {[%emt 0:00:14]} f5 {[%emt 0:05:46]} 42. exf5+ {[%emt 0:00:11]} Kxf5 {[%emt 0:02:48]} 43. Nxa6 {[%emt 0:00:04]} Bxa6 {[%emt 0:01:42]} 44. Rxa6 {[%emt 0:00:02]} g5 {[%emt 0:00:17]} 45. a4 {[%emt 0:00:04]} Ke4 {[%emt 0:03:32]} 46. b5 {[%emt 0:00:05]} cxb5 {[%emt 0:00:18]} 47. axb5 {[%emt 0:00:04]} Kf3 {[%emt 0:01:53]} 48. Rxh6 {[%emt 0:00:26]} Kxf2 {[%emt 0:01:41]} 49. Re6 {[%emt 0:00:02]} Nf5 {[%emt 0:00:16]} 50. Rf6 {[%emt 0:00:08]} e4 {[%emt 0:00:40]} 51. Rxf5+ {[%emt 0:00:04]} Ke2 {[%emt 0:00:21]} 52. b6 {[%emt 0:00:01]} e3 {[%emt 0:00:03]} 53. b7 {[%emt 0:00:06]} Kd1 {[%emt 0:00:15]} 54. b8=Q {[%emt 0:00:11]} e2 {[%emt 0:00:21]} 55. Qd6+ {[%emt 0:00:14]} Ke1 {[%emt 0:00:12]} 56. Re5 {[%emt 0:00:04]} Kf1 {[%emt 0:00:13]} 57. Qf6+ {[%emt 0:00:02]} Ke1 {[%emt 0:00:04]} 58. Qf3 {[%emt 0:00:30]} Kd1 {[%emt 0:00:09]} 59. Rxe2 {[%emt 0:00:08]} Kc1 {[%emt 0:00:14]} 60. Qh1# {[%emt 0:00:05]} 1-0

[Event "IIFL Wealth  4th Mumbai Junior U-13"]
[Site "Mumbai"]
[Date "2019.01.02"]
[Round "4"]
[White "Varshita Jain"]
[Black "Keerthana B"]
[Result "1-0"]
[WhiteElo "1461"]
[BlackElo "1232"]
[Annotator "NA"]
[PlyCount "45"]
[EventDate "2018.12.30"]
[EventType "swiss"]
[EventCountry "IND"]
[SourceTitle "playchess.com"]
[Source "ChessBase"]
[SourceQuality "1"]
[TimeControl "40/5400+30:1800+30"]

1. e4 e5 {[%emt 0:00:00]} 2. Nf3 {[%emt 0:00:00]} Nc6 {[%emt 0:00:00]} 3. Bb5 {[%emt 0:00:00]} a6 {[%emt 0:00:00]} 4. Ba4 {[%emt 0:00:00]} Nf6 {[%emt 0:00:00]} 5. O-O {[%emt 0:00:02]} Be7 {[%emt 0:00:21]} 6. Re1 {[%emt 0:00:09]} b5 {[%emt 0:00:05]} 7. Bb3 {[%emt 0:00:04]} d6 {[%emt 0:00:17]} 8. c3 {[%emt 0:00:05]} Na5 {[%emt 0:01:15]} 9. Bc2 {[%emt 0:00:01]} c5 {[%emt 0:00:18]} 10. d4 {[%emt 0:00:02]} Qc7 {[%emt 0:01:14]} 11. Nbd2 {[%emt 0:00:23]} Bd7 {[%emt 0:01:38]} 12. Nf1 {[%emt 0:01:00]} O-O {[%emt 0:02:10]} 13. d5 {[%emt 0:00:50]} c4 {[%emt 0:03:19]} 14. Ng3 {[%emt 0:03:09]} Nb7 {[%emt 0:04:15]} 15. h3 {[%emt 0:05:43]} a5 {[%emt 0:03:41]} 16. Bd2 {[%emt 0:06:02]} Nc5 {[%emt 0:04:53]} 17. Be3 {[%emt 0:05:35]} b4 {[%emt 0:06:07]} 18. Qd2 {[%emt 0:10:04]} Rfb8 {[%emt 0:07:57]} 19. b3 {[%emt 0:16:19]} Na6 {[%emt 0:10:55]} 20. Rac1 {[%emt 0:09:06]} Rc8 {[%emt 0:05:16]} 21. bxc4 {[%emt 0:07:31]} Qxc4 {[%emt 0:10:58]} 22. Bd3 {[%emt 0:06:47]} bxc3 {[%emt 0:00:40]} 23. Qe2 {[%emt 0:01:39]} 1-0

[Event "IIFL Wealth  4th Mumbai Junior U-13"]
[Site "Mumbai"]
[Date "2019.01.02"]
[Round "4"]
[White "Laddha, Yash Jayesh"]
[Black "Riddhika Kotia"]
[Result "1-0"]
[WhiteElo "1449"]
[BlackElo "1213"]
[Annotator "NA"]
[PlyCount "55"]
[EventDate "2018.12.30"]
[EventType "swiss"]
[EventCountry "IND"]
[SourceTitle "playchess.com"]
[Source "ChessBase"]
[SourceQuality "1"]
[TimeControl "40/5400+30:1800+30"]

1. e4 {[%emt 0:00:00]} c6 {[%emt 0:00:00]} 2. d4 {[%emt 0:00:00]} d5 {[%emt 0:00:00]} 3. Nc3 {[%emt 0:00:00]} e6 {[%emt 0:11:34]} 4. e5 {[%emt 0:04:42]} c5 {[%emt 0:02:11]} 5. Nf3 {[%emt 0:04:15]} Nc6 {[%emt 0:05:53]} 6. Be3 {[%emt 0:03:05]} cxd4 {[%emt 0:03:21]} 7. Bxd4 {[%emt 0:05:48]} Nxd4 {[%emt 0:00:36]} 8. Nxd4 {[%emt 0:04:03]} Bb4 {[%emt 0:03:51]} 9. Qd3 {[%emt 0:08:35]} Bd7 {[%emt 0:10:01]} 10. a3 {[%emt 0:08:08]} Ba5 {[%emt 0:01:08]} 11. Ndb5 {[%emt 0:02:39]} Bxc3+ 12. Nxc3 Qc7 {[%emt 0:10:24]} 13. Qg3 {[%emt 0:06:57]} g6 {[%emt 0:05:13]} 14. Nb5 {[%emt 0:07:52]} Bxb5 {[%emt 0:22:55]} 15. Bxb5+ {[%emt 0:00:45]} Kf8 {[%emt 0:00:37]} 16. O-O {[%emt 0:02:42]} Qxc2 {[%emt 0:06:17]} 17. Rfc1 {[%emt 0:01:02]} Qxb2 {[%emt 0:02:48]} 18. Rab1 {[%emt 0:00:16]} Qd4 {[%emt 0:03:47]} 19. Rc7 {[%emt 0:01:52]} f6 {[%emt 0:03:27]} 20. exf6 {[%emt 0:00:41]} Qxf6 {[%emt 0:00:36]} 21. Qd6+ {[%emt 0:00:42]} Ne7 {[%emt 0:00:31]} 22. Rb3 {[%emt 0:00:59]} Qa1+ {[%emt 0:03:30]} 23. Bf1 {[%emt 0:00:05]} Re8 {[%emt 0:00:46]} 24. Rf3+ {[%emt 0:00:32]} Kg8 {[%emt 0:00:51]} 25. Qxe6+ {[%emt 0:00:14]} Kg7 {[%emt 0:00:17]} 26. Rxe7+ {[%emt 0:00:09]} Rxe7 {[%emt 0:00:12]} 27. Qxe7+ {[%emt 0:00:04]} Kg8 {[%emt 0:00:37]} 28. Rf8# {[%emt 0:00:06]} 1-0

[Event "IIFL Wealth  4th Mumbai Junior U-13"]
[Site "Mumbai"]
[Date "2019.01.02"]
[Round "4"]
[White "Kriti Mayur Patel"]
[Black "Shah, Viraj Bhaveshu"]
[Result "1-0"]
[WhiteElo "1439"]
[BlackElo "1119"]
[Annotator "NA"]
[PlyCount "101"]
[EventDate "2018.12.30"]
[EventType "swiss"]
[EventCountry "IND"]
[SourceTitle "playchess.com"]
[Source "ChessBase"]
[SourceQuality "1"]
[TimeControl "40/5400+30:1800+30"]

1. e4 {[%emt 0:00:00]} e5 {[%emt 0:00:00]} 2. Nf3 {[%emt 0:00:00]} Nc6 {[%emt 0:00:00]} 3. Bc4 {[%emt 0:00:00]} Bc5 {[%emt 0:00:00]} 4. c3 {[%emt 0:00:00]} Nf6 {[%emt 0:00:08]} 5. d3 {[%emt 0:00:00]} h6 {[%emt 0:00:26]} 6. Nbd2 {[%emt 0:00:13]} d6 {[%emt 0:00:32]} 7. Bb3 {[%emt 0:00:13]} Be6 {[%emt 0:00:55]} 8. h3 {[%emt 0:00:07]} O-O {[%emt 0:00:17]} 9. Nf1 {[%emt 0:00:10]} Re8 {[%emt 0:00:47]} 10. Ng3 {[%emt 0:00:24]} Ne7 {[%emt 0:00:42]} 11. Nh4 {[%emt 0:00:44]} Qc8 {[%emt 0:02:46]} 12. Qf3 {[%emt 0:00:51]} Nh7 {[%emt 0:06:46]} 13. Nh5 {[%emt 0:02:00]} Ng6 {[%emt 0:04:27]} 14. Qg3 {[%emt 0:02:33]} Bxb3 {[%emt 0:04:21]} 15. axb3 {[%emt 0:02:04]} Qe6 {[%emt 0:00:34]} 16. Nf5 {[%emt 0:01:26]} Rf8 {[%emt 0:10:48]} 17. Nhxg7 {[%emt 0:00:50]} Qxb3 {[%emt 0:09:15]} 18. h4 {[%emt 0:00:40]} Kh8 {[%emt 0:14:18]} 19. Nh5 {[%emt 0:04:31]} Rg8 {[%emt 0:00:56]} 20. Qf3 {[%emt 0:04:20]} d5 {[%emt 0:04:35]} 21. Nxh6 {[%emt 0:02:00]} Rgf8 {[%emt 0:02:34]} 22. Nxf7+ {[%emt 0:01:40]} Kg8 {[%emt 0:02:21]} 23. Qf5 {[%emt 0:05:28]} Bxf2+ {[%emt 0:01:20]} 24. Kd2 {[%emt 0:02:22]} Be3+ {[%emt 0:01:08]} 25. Kxe3 {[%emt 0:02:56]} d4+ {[%emt 0:00:25]} 26. Ke2 {[%emt 0:02:18]} Qxf7 {[%emt 0:02:37]} 27. Qxf7+ {[%emt 0:00:24]} Rxf7 {[%emt 0:00:19]} 28. cxd4 {[%emt 0:00:19]} exd4 {[%emt 0:00:35]} 29. Ng3 {[%emt 0:00:36]} Nf4+ {[%emt 0:00:27]} 30. Bxf4 {[%emt 0:00:45]} Rxf4 {[%emt 0:00:12]} 31. Nf5 {[%emt 0:00:10]} a6 {[%emt 0:00:49]} 32. g3 {[%emt 0:00:37]} Rxf5 {[%emt 0:01:41]} 33. exf5 {[%emt 0:00:12]} Re8+ {[%emt 0:00:25]} 34. Kf2 Re3 {[%emt 0:00:47]} 35. Rad1 {[%emt 0:00:57]} Nf6 {[%emt 0:00:08]} 36. Rhe1 {[%emt 0:00:47]} Ng4+ {[%emt 0:01:16]} 37. Kg2 {[%emt 0:00:59]} Kf7 {[%emt 0:00:37]} 38. Rc1 {[%emt 0:03:05]} c6 {[%emt 0:00:46]} 39. Rxe3 {[%emt 0:00:36]} Nxe3+ {[%emt 0:00:35]} 40. Kf3 {[%emt 0:00:00]} Nxf5 {[%emt 0:00:00]} 41. Kf4 {[%emt 0:01:40]} Nd6 {[%emt 0:03:48]} 42. Ke5 {[%emt 0:01:33]} Ke7 {[%emt 0:01:15]} 43. g4 {[%emt 0:00:24]} Nb5 {[%emt 0:00:53]} 44. h5 {[%emt 0:00:12]} Kf7 {[%emt 0:00:24]} 45. g5 {[%emt 0:00:17]} Kg7 {[%emt 0:00:29]} 46. h6+ {[%emt 0:00:23]} Kh7 {[%emt 0:01:11]} 47. Rf1 {[%emt 0:00:14]} Kg8 {[%emt 0:02:38]} 48. g6 {[%emt 0:00:16]} Nc7 {[%emt 0:00:12]} 49. Rf7 {[%emt 0:00:55]} Ne8 {[%emt 0:00:34]} 50. Rxb7 {[%emt 0:00:14]} Kh8 {[%emt 0:01:18]} 51. Rb8 {[%emt 0:00:08]} 1-0